[Event "Porto Alegre op"]
[Site "Porto Alegre"]
[Date "2023.05.06"]
[Round "2"]
[White "Granata, Bruno Corralo"]
[Black "Souza, Vitor Gabriel Batis"]
[Result "0-1"]
[WhiteElo "1809"]
[BlackElo "1425"]
[PlyCount "110"]
[EventDate "2023.05.05"]
[EventType "swiss"]
[EventRounds "7"]
[EventCountry "BRA"]
[SourceTitle "CBM 214 Extra"]
[Source "ChessBase"]
[SourceDate "2023.07.31"]
[SourceVersion "1"]
[SourceVersionDate "2023.07.31"]
[SourceQuality "1"]

1. d4 d5 2. c4 e6 3. a3 Nf6 4. Nf3 Be7 5. e3 0-0 6. Be2 c5 7. 0-0 b6 8. Nc3 Bb7 9. b3 Nbd7 10. Re1 Rc8 11. Bd3 Ne4 12. Bb2 cxd4 13. Nxd4 Nxc3 14. Bxc3 dxc4 15. Bxc4 Ne5 16. Nxe6 Qxd1 17. Rexd1 Nxc4 18. Nxf8 Nxa3 19. Rd7 Bxf8 20. Rxb7 Rxc3 21. h4 Rxb3 22. Rxa7 g6 23. Kh2 Bd6+ 24. g3 Rd3 25. Rd7 Nc4 26. Ra8+ Kg7 27. Raa7 Ne5 28. Rdb7 Bc5 29. Kh3 Ra3 30. Rxa3 Bxa3 31. Rxb6 h5 32. f4 Ng4 33. Rb3 Bc5 34. e4 Nf2+ 35. Kg2 Nxe4 36. Kh3 Bf2 37. g4 hxg4+ 38. Kxg4 f5+ 39. Kh3 Kh6 40. Rb8 Bd4 41. Rb4 Bf6 42. Rb8 Kh5 43. Rf8 Nf2+ 44. Kg3 Bxh4+ 45. Kf3 Ng4 46. Kg2 g5 47. Kh3 Nh6 48. Rh8 gxf4 49. Rxh6+ Kxh6 50. Kxh4 Kg6 51. Kh3 Kg5 52. Kg2 Kg4 53. Kf2 f3 54. Kf1 Kg3 55. Kg1 f2+ 0-1

[Event "Porto Alegre op"]
[Site "Porto Alegre"]
[Date "2023.05.06"]
[Round "4"]
[White "Granata, Bruno Corralo"]
[Black "Strapazon, Alice Kubiczewski"]
[Result "0-1"]
[WhiteElo "1809"]
[BlackElo "1800"]
[PlyCount "84"]
[EventDate "2023.05.05"]
[EventType "swiss"]
[EventRounds "7"]
[EventCountry "BRA"]
[SourceTitle "CBM 214 Extra"]
[Source "ChessBase"]
[SourceDate "2023.07.31"]
[SourceVersion "1"]
[SourceVersionDate "2023.07.31"]
[SourceQuality "1"]

1. e4 e5 2. Nf3 Nc6 3. Bc4 Nf6 4. Ng5 d5 5. exd5 Nxd5 6. Nxf7 Kxf7 7. Qf3+ Ke6 8. Nc3 Ncb4 9. 0-0 c6 10. d4 Nxc2 11. Nxd5 cxd5 12. Bxd5+ Qxd5 13. Qd3 Nxa1 14. Re1 Bd6 15. f4 Kf7 16. fxe5 Bc5 17. Qf1+ Ke6 18. dxc5 Qxc5+ 19. Be3 Rf8 20. Bxc5 Rxf1+ 21. Kxf1 b6 22. Bd6 Nc2 23. Rc1 Ne3+ 24. Kg1 Nf5 25. Rc6 Kd5 26. Rc7 Nxd6 27. exd6 Kxd6 28. Rxg7 Bf5 29. g4 Bg6 30. h4 Be4 31. Kf2 a5 32. Ke3 Re8 33. Kd4 Bf3 34. Kc4 Re4+ 35. Kb5 Rb4+ 36. Ka6 Bxg4 37. Rxh7 Kc5 38. h5 Rf4 39. h6 Kc6 40. Re7 Rf8 41. h7 Ra8+ 42. Ra7 Bc8# 0-1